| 000 | 00590nam a22001577a 4500 | ||
|---|---|---|---|
| 999 |
_c7126 _d7126 |
||
| 008 | 170801b xxu||||| |||| 00| 0 eng d | ||
| 022 | _a16565541 | ||
| 082 | _aDPer 641.05 F73 Dec 2012-Nov 2013 v. 9-10, n. 6-5 | ||
| 100 |
_921533 _aBorromeo, Reggie. |
||
| 245 |
_aDestination hotels/ _cReggie Borromeo. |
||
| 260 |
_aMakati City, Philippines: _bHinge Inquirer Publications, Inc., _c©2012-2013. |
||
| 300 |
_av10 n3, page 24: _billustrations; _c28 cm. |
||
| 500 | _aFood and beverages: make a living with food. | ||
| 650 | 0 |
_921534 _aHotels and motels _xDestination |
|
| 942 |
_2ddc _cPER |
||